000 00388cam a22001097a 4500
008 180718b1972 xxu||||| |||| 00| 0 eng d
082 _aT000x5432 H266g
245 _aGuidelines for the formulation of district plans
_cby Economic And Statistical Organisation
260 _aChandigarh
_bThe Government Press
_c1972
300 _a115p.
700 _aHaryana. Economic And Statistical Organisation
999 _c496956
_d496956